000 00682nam a2200181Ia 4500
008 100920s9999 xx 000 0 und d
082 _b94355
_a28 व 930 न 05
100 _aवाघ सुनिती.
245 _aस्वराज्याचे शिल्पकार.
260 _bमनोरमा प्रकाशन,मुंबई.
_c2005
300 _a52
_bसाधी
365 _b40
520 _aबा. वि. इतिहास.
630 _aस्वराज्याचे शिल्पकार.
650 _aबा. वि. इतिहास.
730 _aस्वराज्याचे शिल्पकार.
942 _cBOOK
999 _c734798
_d734795